Stati dell'Unione Europea ed Anno di adesione - Quiz n°2 - Statistics

Statistiche generali
  • Questo quiz è stato fatto 15 volte
  • Il punteggio medio è 5 su 9
Statistiche sulle risposte
Hint Risposta % Corretto
Finlandia 1995
75%
Spagna 1986
67%
Ungheria 2004
58%
Bulgaria 2007
58%
Austria 1995
50%
Repubblica Ceca 2004
50%
Malta 2004
50%
Slovenia 2004
50%
Romania 2007
33%
Nessun quiz corrispondente trovato
Distribuzione punteggi
Percentuale di utenti per punteggio
Percentile per numero di risposta
I tuoi punteggi nel tempo
Non hai fatto questo quiz